000 00299nam a22001337a 4500
008 181016b xxu||||| |||| 00| 0 eng d
020 _a9780675064323
041 _aeng
080 _a540
100 _a12
101 _aKIM
245 _aSolving Problems in Chemistry
_cSmith,R.G
942 _2udc
_cBK
999 _c49893
_d49893